000 00410nam a2200133Ia 4500
999 _c4754
_d4754
008 200103s 1995 ||||xx |||||||||||||| ||und||
020 _a9780113409129
082 _a363.37092
_bHMS
100 _aHMSO
245 0 _aManual of firemanship : a survey of the science of fire-fighting : Book 6. Breathing apparatus and resuscitation
260 _bHMSO
_c1995
_aLondon
300 _axiii, 123p.
942 _cBK